• 首页
  • 本馆介绍
  • 公告通知
  • 最新文献
  • 馆藏检索
  • 电子资源
  • 读者导购
  • 参考咨询
  • 我的图书馆
  • 登录
  • 详细信息显示
  • 放入我的书架
  • 预约/预借图书
  • 作者相关作品
  • 分类相关作品
  • 丛书相关作品
  • 出版社相关作品

书目信息

  • 表格格式
  • 工作单格式
  • 卡片格式
题名:
《中原音韵》音系研究
    
 
作者: 李新魁 著
分册:  
出版信息: 郑州   中州书画社  1983
页数: 214页
开本: 19cm
丛书名:
单 册:
中图分类: H114.2 , H11
科图分类:
主题词: 韵书--研究--元代
电子资源:
ISBN:
000 00632nam0 2200241 45
001 1541011296
005 20150127222046.46
010    @dCNY0.65
091    @aCN@b9210.7
100    @a19950619d1983 kemy0chiy0121 ea
101 0  @achi
102    @aCN@b410000
105    @ay z 000yy
200 12 @a《中原音韵》音系研究@A《 zhong yuan yin yun》 yin xi yan jiu@f李新魁著
210    @a郑州@c中州书画社@d1983
215    @a214页@d19cm
605    @a中原音韵@x研究
606    @a韵书@x研究@z元代
690    @aH114.2@v3
690    @aH11@v4
701  0 @a李新魁@Ali xin kui@4著
801  0 @aCN@bTSSF@c20150127
905    @aZUCC@dH11@eJY9
    
    《中原音韵》音系研究/李新魁著.-郑州:中州书画社,1983
    214页;19cm
    
    
    ISBN :CNY0.65
    
●
相关链接 在E读中查询图书 在五车中查询图书 在当当中查询图书 在豆瓣中查询图书


正题名:《中原音韵》音系研究     索取号:H11/JY9         预约/预借

序号 登录号 条形码 馆藏地/架位号 状态 备注
1 7842152   278421520   学院路分馆/ [索取号:H11/JY9] 在馆    
2 7842153   278421539   学院路分馆/ [索取号:H11/JY9] 在馆    
唐山师范学院图书馆 欢迎您!
大连网信软件有限公司© 版权所有